000 01081nam a22002657a 4500
001 BD-DhSAU
003 BD-DhSAU
005 20250126113139.0
008 150420b2005 bg ||||| m||| 00| 0 eng d
040 _aBD-DhSAU
082 _222
_a631.53
_bM473
100 _aHAIDER, MD. MEHEDI
_eRegistration No. # 16-07367
245 _aGenetic diversity and interrelationship among yield contributing traits of different pumpkin genotypes /
_bMS thesis
260 _aSher-e-Bangla Agricultural University:
_bDepartment of Genetics And Plant Breeding ,
_c2023.
300 _axi, 71p. ;
_c30 cm.
500 _aMS thesis of Department of Genetics And Plant Breeding , Faculty of Agriculture , Sher-e-Bangla Agricultural University, Dhaka, Bangladesh
504 _aIncludes bibliographical reference.
590 _aNazmul
650 _ainterrelationship among yield contributing
651 _apumpkin genotypes
700 _aProf. Dr. Md. Ashaduzzaman Siddikee
_eSuperviser
700 _aProf. Dr. Kazi Md. Kamrul Huda
_eCo-superviser
942 _2ddc
_cTHESIS
999 _c17811
_d17810